Movies Quiz

Random Movies or Letter Quiz

Hide Your 'G' Movies Quiz Stats

 Plays Quiz Updated Feb 8, 2019

     
Support Sporcle.
Go Orange.
Score 0/21 Timer 06:00
0 Plays Today
% Correct
Gladiator
(2000)
95.1%
Get Smart
(2008)
91.8%
Goodfellas
(1990)
91.3%
Ghostbusters
(1984)
91.2%
Guardians
of the Galaxy
(2014)
91.1%
GoldenEye
(1995)
90.6%
The Girl Next Door
(2004)
90.3%
Gangs of New York
(2002)
90.2%
The Gold Rush
(1925)
89.7%
Good Morning,
Vietnam
(1987)
89.2%
The Grudge
(2004)
89%
% Correct
Ghost
(1990)
88.8%
The Graduate
(1967)
88.6%
Girl, Interrupted
(1999)
88.1%
G.I. Jane
(1997)
86.7%
Gremlins
(1984)
86.3%
Green Lantern
(2011)
86.2%
Gattaca
(1997)
86%
The Goonies
(1985)
84.3%
The Grand
Budapest Hotel
(2014)
78.5%
The Great Wall
(2016)
74.5%

From the Vault

Day of the Queen!

by Hejman

History 4m
At what point will most people become convinced that the Queen is immortal?
Remove Ads.
Support Sporcle.
Get the best of Sporcle when you Go Orange. This ad-free experience offers more features, more stats, and more fun while also helping to support Sporcle. Thank you for becoming a member.

Show Comments

Extras

Top Quizzes Today


Score Distribution

Your Account Isn't Verified!

In order to create a playlist on Sporcle, you need to verify the email address you used during registration. Go to your Sporcle Settings to finish the process.

Report this User

Report this user for behavior that violates our Community Guidelines.

Details: